| 000 | 00780nam a22002537a 4500 | ||
|---|---|---|---|
| 005 | 20260210122027.0 | ||
| 008 | 260210b |||||||| |||| 00| 0 eng d | ||
| 020 | _a 9789834948177 | ||
| 040 | _aJKKN | ||
| 082 |
_a899.2313K _bRAY |
||
| 100 | 0 |
_aRaymond Majumah, _d1968-, _95080 |
|
| 245 | 1 | 0 |
_aBhahul : _b Puisi Etnik Rungus / _cRAYMOND MAJUMAH |
| 264 | 1 |
_aKuala Lumpur : _bDewan Bahasa dan Pustaka _c2025 |
|
| 300 |
_axviii, 445 pages: _c21cm. |
||
| 337 |
_2rdamedia _aunmediated |
||
| 338 |
_2rdacarrier _avolume |
||
| 650 | 1 | 0 |
_2 _aMalay poetry _9617 |
| 650 | 2 | 0 |
_aPoetry _94954 |
| 650 | 2 | 0 |
_aPuisi _93645 |
| 650 | 2 | 0 |
_aRungus (Malaysian people) _zSabah _95095 |
| 650 | 2 | 0 |
_aGovernment publications _z Malaysia _94835 |
| 942 |
_2ddc _cBK |
||
| 998 | _p899.2313K RAY | ||
| 999 |
_c3162 _d3158 |
||